Statistiken für Musiker erraten - Schlager

Klicken Sie hier um das Quiz zu spielen!

Allgemein

  • Dieses Quiz wurde 127 mal gespielt
  • Das Durchschnittsergebnis liegt bei 5 aus 16

Antwortstatistiken

Antwort% Korrekt
Helene Fischer
81%
DJ Ötzi
71%
Andrea Berg
60%
Ben Zucker
51%
Max Raabe
42%
Die Flippers
41%
Roland Kaiser
36%
Guildo Horn
29%
Roy Black
28%
Schäfer Heinrich
17%
Karel Gott
16%
Florian Silbereisen
15%
Kristina Bach
13%
Die Schlagerpiloten
8%
Roberto Blanco
7%
Peter Rubin
3%

Verteilung der Resultate

Perzentil nach korrekt beantworteten Fragen

Anzahl Personen mit jedem Resultat

Ihre Resultats-Entwicklung

Sie haben dieses Quiz noch nicht gespielt